[Event "CZE Extraliga 2019-20"]
[Site "Czech Republic"]
[Date "2019.10.12"]
[Round "1.1"]
[White "Ivanchuk, Vassily"]
[Black "Azarov, Sergei"]
[Result "1/2-1/2"]
[WhiteElo "2686"]
[BlackElo "2586"]
[Annotator "TA"]
[PlyCount "85"]
[EventDate "2019.09.15"]
[EventType "team-tourn"]
[EventCountry "CZE"]
[SourceTitle "playchess.com"]
[Source "ChessBase"]
[SourceQuality "1"]
[WhiteTeam "Pardubice"]

{[%evp 21,85,6,12,0,10,0,21,0,103,62,52,54,43,52,99,98,105,99,95,92,100,60,43,42,53,61,101,14,25,20,59,59,90,94,121,112,112,104,133,106,108,115,107,101,100,104,122,104,106,97,142,119,155,52,85,28,91,67,66,66,78,70,73,0,0,0]} 1. c4 Nf6 2. Nc3 e5 3. Nf3 Nc6 4. g3 Bb4 5. Bg2 O-O 6. O-O Bxc3 7. dxc3 e4 8. Nd4 Re8 9. Bg5 h6 10. Bxf6 Qxf6 11. Nc2 d6 12. Ne3 {A29: English Opening: Four Knights Variation with 4 g3} Bf5 13. f4 Ne7 14. Qc2 (14. g4 Bd7 15. Qd2 Rad8 16. Rad1 b6 17. Bxe4 Ng6 18. Nd5 Qh4 19. Bf3 c6 {0-1 (53) Etchechoury,G (2545)-Dosi,A (2533) ICCF email 2004}) 14... b5 $146 (14... Qe6 $11) ({Predecessor:} 14... Qe6 15. Rad1 a6 16. Rd4 Bg6 17. g4 f5 18. Bxe4 c5 19. gxf5 Nxf5 20. Bd5 {½-½ (20) Radosztics,E (2036)-Zapfel,P (1861) ICCF email 2006}) 15. Bxe4 Bxe4 16. Qxe4 bxc4 17. Qxc4 Nf5 {[#]} 18. Nd5 $1 {[%cal Rd5f6]} Qg6 {[#] With the idea ...Nxg3.} 19. Rf2 $1 ({Don't play} 19. Nxc7 $6 Nxg3 20. Nxe8 (20. hxg3 Qxg3+ 21. Kh1 Re3 $15) (20. Nxa8 Rxe2 21. Qc8+ Kh7 $15) 20... Nxf1+ 21. Kxf1 Rxe8 $11) 19... Ne3 20. Nxe3 Rxe3 21. Qxc7 Qc2 22. Qb7 Rae8 23. Qb3 Qg6 24. Rd1 (24. f5 $16 Qg4 25. Qb4 Qxb4 26. cxb4) 24... Rxe2 $11 25. Qd5 $36 {[%mdl 2048] White fights for an advantage.} Qc2 26. Rd2 $1 {[%cal Rd2c2]} ({Much worse is} 26. Rxe2 Rxe2 27. Qa8+ Kh7 $17) 26... Qb1+ 27. Kg2 $1 Re1 28. Kh3 Qg6 29. f5 Qh5+ 30. Kg2 Ra1 {Black wants to play ...Ree1.} 31. Qf3 Qxf3+ 32. Kxf3 Rxa2 33. Rxd6 $16 {[%mdl 4096] Endgame KRR-KRR} Rb8 34. Rdd2 a5 35. Rc2 a4 36. Ke4 Ra1 37. Kd5 (37. c4 $16) 37... Rd1+ 38. Kc4 (38. Kc6 $16) 38... Rd7 (38... Rc8+ $11 39. Kb5 Rb8+ 40. Kc6 Rc8+ 41. Kb5 Rb8+ 42. Kc5 a3) 39. Rcd2 Rc7+ 40. Kd3 $1 Rcb7 41. g4 Rb3 42. Kc4 (42. Rf4 $16) 42... Rc8+ $11 43. Kd5 {Accuracy: White = 45%, Black = 69%.} 1/2-1/2

[Event "CZE Extraliga 2019-20"]
[Site "Czech Republic"]
[Date "2019.10.12"]
[Round "1.1"]
[White "Balogh, Csaba"]
[Black "Stohl, Igor"]
[Result "1-0"]
[WhiteElo "2587"]
[BlackElo "2487"]
[Annotator "ChessBase"]
[PlyCount "123"]
[EventDate "2019.09.15"]
[EventType "team-tourn"]
[EventCountry "CZE"]
[SourceTitle "playchess.com"]
[Source "ChessBase"]
[SourceQuality "1"]
[TimeControl "40/5400+30:1800+30"]

1. e4 {[%emt 0:00:00]} e5 {[%emt 0:00:00]} 2. Nf3 {[%emt 0:00:00]} Nf6 {[%emt 0:00:52]} 3. Nxe5 {[%emt 0:01:13]} d6 {[%emt 0:00:08]} 4. Nc4 {[%emt 0:00:49]} Nxe4 {[%emt 0:00:24]} 5. Qe2 {[%emt 0:00:18]} Qe7 {[%emt 0:00:37]} 6. Ne3 {[%emt 0:00:14]} Be6 {[%emt 0:06:17]} 7. c4 {[%emt 0:02:20]} c6 {[%emt 0:03:51]} 8. g3 {[%emt 0:01:41]} g6 {[%emt 0:03:22]} 9. Bg2 {[%emt 0:01:13]} Nf6 {[%emt 0:02:16]} 10. Nc3 {[%emt 0:05:21]} Bg7 {[%emt 0:02:10]} 11. d4 {[%emt 0:01:11]} O-O {[%emt 0:03:13]} 12. O-O {[%emt 0:00:21]} Bd7 {[%emt 0:04:27]} 13. b4 {[%emt 0:15:38]} Na6 {[%emt 0:12:40]} 14. b5 {[%emt 0:05:49]} Nc7 {[%emt 0:01:41]} 15. a4 {[%emt 0:09:47]} Rab8 {[%emt 0:09:50]} 16. Ba3 {[%emt 0:12:32]} c5 {[%emt 0:03:21]} 17. Rad1 {[%emt 0:00:18]} b6 {[%emt 0:03:01]} 18. Rfe1 {[%emt 0:00:58]} Rfe8 {[%emt 0:07:24]} 19. Qd2 {[%emt 0:08:25]} Qf8 {[%emt 0:03:20]} 20. Bb2 {[%emt 0:04:41]} Rbd8 {[%emt 0:11:02]} 21. d5 {[%emt 0:01:12]} a5 {[%emt 0:09:40]} 22. f4 {[%emt 0:13:45]} Ng4 {[%emt 0:04:19]} 23. Ne4 {[%emt 0:04:45]} Bxb2 {[%emt 0:01:17]} 24. Qxb2 {[%emt 0:00:04]} Qg7 {[%emt 0:00:25]} 25. Qxg7+ {[%emt 0:05:59]} Kxg7 {[%emt 0:00:04]} 26. Nf1 {[%emt 0:00:12]} Bf5 {[%emt 0:01:24]} 27. h3 {[%emt 0:00:20]} Bxe4 {[%emt 0:01:01]} 28. Bxe4 {[%emt 0:00:13]} Nh6 {[%emt 0:01:51]} 29. Kf2 {[%emt 0:01:41]} f5 {[%emt 0:00:51]} 30. Bd3 {[%emt 0:00:27]} Rxe1 {[%emt 0:00:15]} 31. Rxe1 {[%emt 0:00:03]} Re8 {[%emt 0:00:09]} 32. Ne3 {[%emt 0:00:19]} Nf7 {[%emt 0:02:06]} 33. g4 {[%emt 0:00:34]} fxg4 {[%emt 0:00:55]} 34. hxg4 {[%emt 0:00:04]} h6 {[%emt 0:00:21]} 35. Kf3 {[%emt 0:03:19]} Rf8 {[%emt 0:00:34]} 36. Kg3 {[%emt 0:00:12]} Re8 {[%emt 0:00:22]} 37. Kf3 {[%emt 0:00:05]} Rf8 {[%emt 0:00:10]} 38. Kg3 {[%emt 0:00:04]} Re8 {[%emt 0:00:08]} 39. Re2 {[%emt 0:01:46]} Kf6 {[%emt 0:01:25]} 40. Kf3 {[%emt 0:00:11]} Kg7 {[%emt 0:01:06]} 41. Rh2 {[%emt 0:04:48]} Rf8 {[%emt 0:03:09]} 42. Kg3 {[%emt 0:00:38]} Re8 {[%emt 0:01:26]} 43. Kf3 {[%emt 0:00:21]} Rf8 {[%emt 0:00:15]} 44. Bc2 {[%emt 0:00:58]} Ne8 {[%emt 0:04:47]} 45. Re2 {[%emt 0:03:18]} Nf6 {[%emt 0:03:45]} 46. Ng2 {[%emt 0:00:38]} Re8 {[%emt 0:08:41]} 47. Re6 {[%emt 0:01:13]} Rxe6 {[%emt 0:07:48]} 48. dxe6 {[%emt 0:00:08]} Nd8 {[%emt 0:00:05]} 49. f5 {[%emt 0:00:34]} d5 {[%emt 0:01:58]} 50. cxd5 {[%emt 0:05:54]} Nxd5 {[%emt 0:01:26]} 51. Ne3 {[%emt 0:01:50]} Ne7 {[%emt 0:03:10]} 52. Ke4 {[%emt 0:03:40]} Kf6 {[%emt 0:00:35]} 53. Nd5+ {[%emt 0:01:18]} Nxd5 {[%emt 0:00:03]} 54. Kxd5 {[%emt 0:00:05]} gxf5 {[%emt 0:00:36]} 55. gxf5 {[%emt 0:06:21]} h5 {[%emt 0:00:26]} 56. Kd6 {[%emt 0:00:04]} h4 {[%emt 0:00:35]} 57. Kd7 {[%emt 0:00:06]} Nf7 {[%emt 0:00:41]} 58. exf7 {[%emt 0:05:40]} Kxf7 {[%emt 0:00:03]} 59. Kd6 {[%emt 0:01:15]} Kf6 {[%emt 0:00:20]} 60. Kd5 {[%emt 0:00:17]} h3 {[%emt 0:00:25]} 61. Bd3 {[%emt 0:00:49]} h2 {[%emt 0:00:55]} 62. Be4 {[%emt 0:00:03]} 1-0

[Event "CZE Extraliga 2019-20"]
[Site "Czech Republic"]
[Date "2019.10.12"]
[Round "1.1"]
[White "Ponizil, Cyril"]
[Black "UNI2 Cernousek Lukas IM"]
[Result "1/2-1/2"]
[WhiteElo "2504"]
[BlackElo "2458"]
[Annotator "ChessBase"]
[PlyCount "132"]
[EventDate "2019.09.15"]
[EventType "team-tourn"]
[EventCountry "CZE"]
[SourceTitle "playchess.com"]
[Source "ChessBase"]
[SourceQuality "1"]
[WhiteTeam "Duras"]
[TimeControl "40/5400+30:1800+30"]

1. Nf3 {[%emt 0:00:00]} d5 {[%emt 0:00:12]} 2. g3 {[%emt 0:00:00]} c5 {[%emt 0:00:15]} 3. Bg2 {[%emt 0:00:00]} Nf6 {[%emt 0:00:05]} 4. O-O {[%emt 0:00:00]} e6 {[%emt 0:01:02]} 5. d3 {[%emt 0:00:22]} Nc6 {[%emt 0:00:17]} 6. Nbd2 {[%emt 0:01:22]} g6 {[%emt 0:00:23]} 7. e4 {[%emt 0:00:10]} Bg7 {[%emt 0:00:05]} 8. exd5 {[%emt 0:01:35]} Nxd5 {[%emt 0:01:07]} 9. Nc4 {[%emt 0:00:15]} h6 {[%emt 0:11:26]} 10. Re1 {[%emt 0:05:10]} Qc7 {[%emt 0:01:31]} 11. Ng5 {[%emt 0:06:54]} O-O {[%emt 0:04:53]} 12. Ne4 {[%emt 0:02:19]} b6 {[%emt 0:07:36]} 13. Ne3 {[%emt 0:01:34]} Nxe3 {[%emt 0:08:49]} 14. Bxe3 {[%emt 0:00:05]} Bb7 {[%emt 0:00:07]} 15. Bf4 {[%emt 0:05:54]} e5 {[%emt 0:01:03]} 16. Bd2 {[%emt 0:00:05]} Rad8 {[%emt 0:01:53]} 17. a4 {[%emt 0:04:10]} Nd4 {[%emt 0:02:09]} 18. Be3 {[%emt 0:02:53]} c4 {[%emt 0:11:00]} 19. Bxd4 {[%emt 0:10:40]} Rxd4 {[%emt 0:00:25]} 20. Re3 {[%emt 0:00:03]} Rfd8 {[%emt 0:05:38]} 21. Ra3 {[%emt 0:18:03]} f5 {[%emt 0:01:36]} 22. Nc3 {[%emt 0:05:56]} Bxg2 {[%emt 0:02:09]} 23. Kxg2 {[%emt 0:00:02]} Qc6+ {[%emt 0:04:54]} 24. Qf3 {[%emt 0:01:14]} Qxf3+ {[%emt 0:02:06]} 25. Kxf3 {[%emt 0:03:46]} cxd3 {[%emt 0:03:42]} 26. cxd3 {[%emt 0:00:04]} f4 {[%emt 0:08:06]} 27. gxf4 {[%emt 0:01:22]} exf4 {[%emt 0:00:12]} 28. Re6 {[%emt 0:00:42]} Kf7 {[%emt 0:07:11]} 29. Re2 {[%emt 0:07:38]} Rxd3+ {[%emt 0:13:19]} 30. Kxf4 {[%emt 0:00:04]} Bf8 {[%emt 0:00:33]} 31. Ra1 {[%emt 0:02:55]} Bd6+ {[%emt 0:01:01]} 32. Ke4 {[%emt 0:04:58]} Bxh2 {[%emt 0:00:33]} 33. Re3 {[%emt 0:00:03]} Rd2 {[%emt 0:00:35]} 34. Kf3 {[%emt 0:00:32]} Rf8 {[%emt 0:00:30]} 35. Kg2 {[%emt 0:02:13]} Bf4 {[%emt 0:00:24]} 36. Rf3 {[%emt 0:00:15]} g5 {[%emt 0:00:17]} 37. a5 {[%emt 0:02:46]} Rxb2 {[%emt 0:00:40]} 38. axb6 {[%emt 0:00:04]} axb6 {[%emt 0:00:06]} 39. Ra6 {[%emt 0:00:32]} Kg7 {[%emt 0:00:33]} 40. Nd5 {[%emt 0:01:15]} b5 {[%emt 0:00:50]} 41. Ra7+ {[%emt 0:31:42]} Kg6 {[%emt 0:09:35]} 42. Ra6+ {[%emt 0:00:00]} Kg7 {[%emt 0:00:05]} 43. Ra7+ {[%emt 0:00:00]} Kg8 {[%emt 0:00:06]} 44. Ra6 {[%emt 0:00:00]} Rf7 {[%emt 0:07:44]} 45. Rg6+ {[%emt 0:00:00]} Kh7 {[%emt 0:01:31]} 46. Re6 {[%emt 0:00:00]} Rc2 {[%emt 0:04:45]} 47. Nxf4 {[%emt 0:00:00]} Rxf4 {[%emt 0:05:28]} 48. Rxf4 {[%emt 0:00:00]} gxf4 {[%emt 0:00:02]} 49. Rb6 {[%emt 0:00:00]} Rb2 {[%emt 0:00:43]} 50. Kf3 {[%emt 0:00:00]} b4 {[%emt 0:03:25]} 51. Kg4 {[%emt 0:00:00]} b3 {[%emt 0:00:22]} 52. Kf5 {[%emt 0:00:00]} Kg7 {[%emt 0:00:17]} 53. f3 {[%emt 0:00:00]} Rb1 {[%emt 0:00:01]} 54. Rg6+ {[%emt 0:00:00]} Kh7 {[%emt 0:00:10]} 55. Rb6 {[%emt 0:00:00]} Kg7 {[%emt 0:03:15]} 56. Rg6+ {[%emt 0:00:00]} Kf7 {[%emt 0:00:32]} 57. Rxh6 {[%emt 0:00:00]} Ke7 {[%emt 0:00:38]} 58. Rb6 {[%emt 0:00:00]} Kd7 {[%emt 0:00:10]} 59. Ke4 {[%emt 0:00:00]} Kc7 {[%emt 0:00:16]} 60. Rb4 {[%emt 0:00:00]} Kc6 {[%emt 0:00:31]} 61. Kd4 {[%emt 0:00:35]} Kd6 {[%emt 0:01:04]} 62. Rb6+ {[%emt 0:00:33]} Kc7 {[%emt 0:00:22]} 63. Rb4 {[%emt 0:00:04]} b2 {[%emt 0:00:41]} 64. Kc3 {[%emt 0:00:10]} Rf1 {[%emt 0:00:27]} 65. Rxb2 {[%emt 0:00:09]} Rxf3+ {[%emt 0:00:29]} 66. Kd4 {[%emt 0:00:04]} Kd6 {[%emt 0:00:23]} 1/2-1/2

[Event "CZE Extraliga 2019-20"]
[Site "Czech Republic"]
[Date "2019.10.12"]
[Round "1.1"]
[White "Kraus, Tomas"]
[Black "Gonda, Laszlo"]
[Result "1-0"]
[WhiteElo "2475"]
[BlackElo "2541"]
[Annotator "ChessBase"]
[PlyCount "51"]
[EventDate "2019.09.15"]
[EventType "team-tourn"]
[EventCountry "CZE"]
[SourceTitle "playchess.com"]
[Source "ChessBase"]
[SourceQuality "1"]
[WhiteTeam "Turnov"]
[BlackTeam "Kromeriz"]
[TimeControl "40/5400+30:1800+30"]

1. e4 {[%emt 0:00:00]} e5 {[%emt 0:00:00]} 2. Nf3 {[%emt 0:00:00]} Nc6 {[%emt 0:00:00]} 3. Nc3 {[%emt 0:00:59]} Nf6 {[%emt 0:00:05]} 4. d4 {[%emt 0:00:40]} exd4 {[%emt 0:01:02]} 5. Nxd4 {[%emt 0:00:06]} Bb4 {[%emt 0:02:40]} 6. Nxc6 {[%emt 0:00:19]} bxc6 {[%emt 0:00:05]} 7. Bd3 {[%emt 0:00:06]} O-O {[%emt 0:00:16]} 8. O-O {[%emt 0:00:19]} d5 {[%emt 0:01:17]} 9. exd5 {[%emt 0:00:30]} Bg4 {[%emt 0:01:02]} 10. f3 {[%emt 0:00:04]} Bh5 {[%emt 0:00:07]} 11. g4 {[%emt 0:00:21]} Bg6 {[%emt 0:22:06]} 12. Bxg6 {[%emt 0:00:20]} fxg6 {[%emt 0:01:07]} 13. dxc6 {[%emt 0:06:52]} Qe7 {[%emt 0:10:12]} 14. Qd3 {[%emt 0:17:18]} Qc5+ {[%emt 0:11:37]} 15. Be3 {[%emt 0:02:31]} Qxc6 {[%emt 0:00:02]} 16. Rad1 {[%emt 0:03:08]} Rfe8 {[%emt 0:04:53]} 17. Bd4 {[%emt 0:04:41]} a6 {[%emt 0:25:21]} 18. a3 {[%emt 0:05:42]} Bf8 {[%emt 0:02:47]} 19. b4 {[%emt 0:28:00]} Rad8 {[%emt 0:01:34]} 20. Rf2 {[%emt 0:06:56]} Kh8 {[%emt 0:05:57]} 21. Re2 {[%emt 0:00:46]} Rxe2 {[%emt 0:00:29]} 22. Nxe2 {[%emt 0:00:30]} Qe6 {[%emt 0:01:22]} 23. Nf4 {[%emt 0:03:04]} Qc6 {[%emt 0:01:03]} 24. g5 {[%emt 0:02:03]} Nd7 {[%emt 0:01:55]} 25. Bb2 {[%emt 0:05:02]} Bd6 {[%emt 0:01:45]} 26. Bxg7+ {[%emt 0:01:01]} 1-0

[Event "CZE Extraliga 2019-20"]
[Site "Czech Republic"]
[Date "2019.10.12"]
[Round "1.2"]
[White "Zhigalko, Andrey"]
[Black "Hracek, Zbynek"]
[Result "1/2-1/2"]
[WhiteElo "2543"]
[BlackElo "2555"]
[Annotator "ChessBase"]
[PlyCount "75"]
[EventDate "2019.09.15"]
[EventType "team-tourn"]
[EventCountry "CZE"]
[SourceTitle "playchess.com"]
[Source "ChessBase"]
[SourceQuality "1"]
[BlackTeam "Pardubice"]
[TimeControl "40/5400+30:1800+30"]

1. c4 {[%emt 0:00:00]} e6 {[%emt 0:00:52]} 2. Nc3 {[%emt 0:00:00]} d5 {[%emt 0:00:45]} 3. d4 {[%emt 0:00:00]} Nf6 {[%emt 0:01:07]} 4. cxd5 {[%emt 0:00:02]} exd5 {[%emt 0:00:06]} 5. Bg5 {[%emt 0:00:09]} c6 {[%emt 0:01:03]} 6. e3 {[%emt 0:00:11]} Be7 {[%emt 0:00:07]} 7. Bd3 {[%emt 0:00:38]} Nbd7 {[%emt 0:00:28]} 8. Nge2 {[%emt 0:00:38]} Nf8 {[%emt 0:01:55]} 9. O-O {[%emt 0:07:38]} Ne6 {[%emt 0:00:23]} 10. Bh4 {[%emt 0:00:37]} O-O {[%emt 0:02:26]} 11. f3 {[%emt 0:13:24]} b5 {[%emt 0:06:54]} 12. Rc1 {[%emt 0:04:07]} g6 {[%emt 0:13:58]} 13. Qd2 {[%emt 0:18:07]} Re8 {[%emt 0:18:29]} 14. Kh1 {[%emt 0:10:43]} Bb7 {[%emt 0:04:54]} 15. Nf4 {[%emt 0:09:27]} Nxf4 {[%emt 0:01:51]} 16. exf4 {[%emt 0:00:12]} Nh5 {[%emt 0:00:29]} 17. Bxe7 {[%emt 0:05:19]} Qxe7 {[%emt 0:00:03]} 18. Ne2 {[%emt 0:05:43]} Qh4 {[%emt 0:08:30]} 19. Kg1 {[%emt 0:06:33]} Re7 {[%emt 0:02:48]} 20. g3 {[%emt 0:05:25]} Qf6 {[%emt 0:06:23]} 21. f5 {[%emt 0:03:35]} Rae8 {[%emt 0:08:11]} 22. g4 {[%emt 0:00:56]} Ng7 {[%emt 0:00:12]} 23. g5 {[%emt 0:02:03]} Rxe2 {[%emt 0:00:28]} 24. Bxe2 {[%emt 0:00:07]} Qxf5 {[%emt 0:00:05]} 25. Bd3 {[%emt 0:01:35]} Qh3 {[%emt 0:02:10]} 26. Rce1 {[%emt 0:00:29]} Re6 {[%emt 0:08:00]} 27. Qf4 {[%emt 0:01:28]} Nh5 {[%emt 0:05:34]} 28. Qg4 {[%emt 0:02:40]} Qxg4+ {[%emt 0:00:09]} 29. fxg4 {[%emt 0:00:05]} Nf4 {[%emt 0:01:01]} 30. Rxe6 {[%emt 0:01:02]} Nxe6 {[%emt 0:00:02]} 31. b4 {[%emt 0:01:22]} Nxd4 {[%emt 0:02:00]} 32. Kf2 {[%emt 0:00:13]} Ne6 {[%emt 0:00:24]} 33. h4 {[%emt 0:00:20]} Kf8 {[%emt 0:00:39]} 34. Rc1 {[%emt 0:00:52]} Ke7 {[%emt 0:00:13]} 35. Ke3 {[%emt 0:00:31]} Kd6 {[%emt 0:01:08]} 36. Rf1 {[%emt 0:00:10]} Ke7 {[%emt 0:00:17]} 37. Rc1 {[%emt 0:00:24]} Kd6 {[%emt 0:00:13]} 38. Rf1 {[%emt 0:00:33]} 1/2-1/2

[Event "CZE Extraliga 2019-20"]
[Site "Czech Republic"]
[Date "2019.10.12"]
[Round "1.2"]
[White "Kozak, Adam"]
[Black "Kantans, Toms"]
[Result "1/2-1/2"]
[WhiteElo "2512"]
[BlackElo "2484"]
[Annotator "ChessBase"]
[PlyCount "158"]
[EventDate "2019.09.15"]
[EventType "team-tourn"]
[EventCountry "CZE"]
[SourceTitle "playchess.com"]
[Source "ChessBase"]
[SourceQuality "1"]
[WhiteTeam "Kromeriz"]
[BlackTeam "Turnov"]
[TimeControl "40/5400+30:1800+30"]

1. Nf3 {[%emt 0:00:00]} c5 {[%emt 0:00:00]} 2. c4 {[%emt 0:00:00]} Nc6 {[%emt 0:00:00]} 3. g3 {[%emt 0:00:12]} g6 {[%emt 0:00:32]} 4. Bg2 {[%emt 0:00:19]} Bg7 {[%emt 0:00:06]} 5. Nc3 {[%emt 0:00:28]} e6 {[%emt 0:00:27]} 6. d4 {[%emt 0:06:32]} cxd4 {[%emt 0:00:11]} 7. Nb5 {[%emt 0:00:05]} d5 {[%emt 0:01:03]} 8. cxd5 {[%emt 0:00:08]} exd5 {[%emt 0:00:11]} 9. O-O {[%emt 0:02:17]} Nge7 {[%emt 0:00:26]} 10. Nbxd4 {[%emt 0:04:21]} O-O {[%emt 0:01:44]} 11. Be3 {[%emt 0:00:03]} Re8 {[%emt 0:06:49]} 12. Re1 {[%emt 0:04:09]} Bf5 {[%emt 0:07:05]} 13. Nxc6 {[%emt 0:09:43]} Nxc6 {[%emt 0:00:28]} 14. Nd4 {[%emt 0:00:10]} Be4 {[%emt 0:04:47]} 15. Nxc6 {[%emt 0:04:56]} bxc6 {[%emt 0:00:06]} 16. Bd4 {[%emt 0:00:31]} Bxd4 {[%emt 0:14:16]} 17. Qxd4 {[%emt 0:00:20]} Qb6 {[%emt 0:01:15]} 18. Qd2 {[%emt 0:13:40]} d4 {[%emt 0:06:48]} 19. Rac1 {[%emt 0:03:15]} c5 {[%emt 0:06:31]} 20. Rc4 {[%emt 0:08:45]} a5 {[%emt 0:00:52]} 21. Rec1 {[%emt 0:08:25]} Bxg2 {[%emt 0:00:26]} 22. Kxg2 {[%emt 0:00:09]} Re5 {[%emt 0:00:10]} 23. f4 {[%emt 0:11:49]} Re3 {[%emt 0:05:10]} 24. Rxc5 {[%emt 0:00:19]} Rae8 {[%emt 0:07:05]} 25. Kf2 {[%emt 0:04:18]} Rxe2+ {[%emt 0:06:28]} 26. Qxe2 {[%emt 0:00:07]} Rxe2+ {[%emt 0:00:03]} 27. Kxe2 {[%emt 0:00:10]} Qxb2+ {[%emt 0:00:02]} 28. R1c2 {[%emt 0:14:09]} Qa3 {[%emt 0:00:07]} 29. Ke1 {[%emt 0:00:41]} d3 {[%emt 0:04:53]} 30. R2c3 {[%emt 0:00:45]} Qxa2 {[%emt 0:00:35]} 31. Rxd3 {[%emt 0:00:23]} a4 {[%emt 0:00:47]} 32. Rd2 {[%emt 0:04:18]} Qb1+ {[%emt 0:01:52]} 33. Ke2 {[%emt 0:00:18]} Qg1 {[%emt 0:04:15]} 34. Rc8+ {[%emt 0:00:02]} Kg7 {[%emt 0:00:04]} 35. Kd3 {[%emt 0:01:08]} h5 {[%emt 0:02:55]} 36. Rc3 {[%emt 0:00:33]} Qb1+ {[%emt 0:01:32]} 37. Kc4 {[%emt 0:00:31]} a3 {[%emt 0:02:55]} 38. Rcc2 {[%emt 0:00:06]} Kf6 {[%emt 0:02:55]} 39. Ra2 {[%emt 0:00:52]} Kf5 {[%emt 0:01:54]} 40. Kc3 {[%emt 0:00:30]} Kg4 {[%emt 0:01:36]} 41. Rdc2 {[%emt 0:02:32]} h4 {[%emt 0:01:57]} 42. gxh4 {[%emt 0:00:54]} Qe1+ {[%emt 0:00:31]} 43. Kb3 {[%emt 0:00:32]} Kxf4 {[%emt 0:06:31]} 44. Rxa3 {[%emt 0:02:36]} Qb1+ {[%emt 0:00:51]} 45. Kc3 {[%emt 0:00:42]} Kg4 {[%emt 0:01:58]} 46. Ra4+ {[%emt 0:03:26]} Kh5 {[%emt 0:00:05]} 47. Rf4 {[%emt 0:11:51]} f5 {[%emt 0:00:19]} 48. Rcf2 {[%emt 0:00:16]} Qd1 {[%emt 0:00:14]} 49. Rf1 {[%emt 0:00:51]} Qe2 {[%emt 0:00:18]} 50. R1f2 {[%emt 0:00:10]} Qe3+ {[%emt 0:00:06]} 51. Kc2 {[%emt 0:00:14]} Kh6 {[%emt 0:00:20]} 52. Kd1 {[%emt 0:00:34]} Qh3 {[%emt 0:00:27]} 53. Ke2 {[%emt 0:00:54]} Kg7 54. Ra4 {[%emt 0:00:53]} Qc3 {[%emt 0:05:15]} 55. Raf4 {[%emt 0:00:14]} Kh6 {[%emt 0:00:05]} 56. Kf1 {[%emt 0:00:28]} Qh8 {[%emt 0:03:21]} 57. Kg2 {[%emt 0:01:10]} Kg7 {[%emt 0:00:05]} 58. Ra4 {[%emt 0:00:30]} Qh5 {[%emt 0:01:19]} 59. Ra7+ {[%emt 0:00:15]} Kh6 {[%emt 0:01:23]} 60. Ra4 {[%emt 0:00:11]} Qd1 {[%emt 0:00:05]} 61. Raf4 {[%emt 0:00:11]} Kg7 {[%emt 0:00:34]} 62. Rf1 {[%emt 0:00:59]} Qd8 {[%emt 0:00:39]} 63. R1f2 {[%emt 0:00:13]} Kf7 {[%emt 0:00:07]} 64. Kg3 {[%emt 0:00:57]} Ke6 {[%emt 0:00:26]} 65. Re2+ {[%emt 0:00:13]} Kf6 {[%emt 0:00:05]} 66. Ref2 {[%emt 0:00:05]} Qb8 {[%emt 0:01:01]} 67. Kg2 {[%emt 0:00:04]} Qb7+ {[%emt 0:00:28]} 68. Kg1 {[%emt 0:00:16]} Qd5 {[%emt 0:00:26]} 69. R2f3 {[%emt 0:00:41]} Qc5+ {[%emt 0:00:43]} 70. Kg2 {[%emt 0:00:04]} Qc2+ {[%emt 0:00:36]} 71. Kg1 {[%emt 0:00:24]} Qb1+ {[%emt 0:01:09]} 72. Kg2 {[%emt 0:00:06]} Qa2+ {[%emt 0:00:04]} 73. Kg1 {[%emt 0:00:08]} Qa7+ {[%emt 0:00:06]} 74. Kg2 {[%emt 0:00:07]} Qh7 {[%emt 0:00:35]} 75. Kg3 {[%emt 0:00:01]} Qh8 {[%emt 0:00:46]} 76. Ra3 {[%emt 0:00:17]} Qb8 {[%emt 0:00:26]} 77. Raf3 {[%emt 0:00:23]} Qe5 {[%emt 0:01:15]} 78. Kg2 {[%emt 0:00:11]} Qe2+ {[%emt 0:00:12]} 79. Kg1 {[%emt 0:00:09]} Qe1+ {[%emt 0:00:52]} 1/2-1/2

[Event "CZE Extraliga 2019-20"]
[Site "Czech Republic"]
[Date "2019.10.12"]
[Round "1.2"]
[White "Druska, Juraj"]
[Black "Blahynka, Martin"]
[Result "1-0"]
[WhiteElo "2472"]
[BlackElo "2423"]
[Annotator "ChessBase"]
[PlyCount "81"]
[EventDate "2019.09.15"]
[EventType "team-tourn"]
[EventCountry "CZE"]
[SourceTitle "playchess.com"]
[Source "ChessBase"]
[SourceQuality "1"]
[BlackTeam "Duras"]
[TimeControl "40/5400+30:1800+30"]

1. e4 {[%emt 0:00:00]} e5 {[%emt 0:00:00]} 2. Nf3 {[%emt 0:00:00]} Nc6 {[%emt 0:00:00]} 3. Nc3 {[%emt 0:00:00]} Nf6 {[%emt 0:00:01]} 4. d4 {[%emt 0:00:00]} exd4 {[%emt 0:01:22]} 5. Nxd4 {[%emt 0:00:00]} Bb4 {[%emt 0:00:31]} 6. Nxc6 {[%emt 0:00:04]} bxc6 {[%emt 0:00:05]} 7. Bd3 {[%emt 0:00:07]} d5 {[%emt 0:00:42]} 8. exd5 {[%emt 0:00:11]} cxd5 {[%emt 0:01:16]} 9. O-O {[%emt 0:00:11]} O-O {[%emt 0:00:04]} 10. Bg5 {[%emt 0:00:05]} c6 {[%emt 0:00:40]} 11. Qf3 {[%emt 0:00:06]} h6 {[%emt 0:03:38]} 12. Bxf6 {[%emt 0:00:20]} Qxf6 {[%emt 0:00:06]} 13. Qxf6 {[%emt 0:00:05]} gxf6 {[%emt 0:00:06]} 14. Ne2 {[%emt 0:00:07]} Bd6 {[%emt 0:10:33]} 15. Nd4 {[%emt 0:02:10]} c5 {[%emt 0:33:49]} 16. Nf5 {[%emt 0:00:24]} Bxf5 {[%emt 0:00:14]} 17. Bxf5 {[%emt 0:00:08]} Rab8 {[%emt 0:07:18]} 18. b3 {[%emt 0:02:10]} Bc7 {[%emt 0:08:07]} 19. Rad1 {[%emt 0:04:25]} d4 {[%emt 0:01:15]} 20. Rd3 {[%emt 0:02:24]} Rfe8 {[%emt 0:03:01]} 21. Rh3 {[%emt 0:00:58]} Kg7 {[%emt 0:01:52]} 22. Bd3 {[%emt 0:00:49]} Re7 {[%emt 0:09:07]} 23. f4 {[%emt 0:01:15]} Rbe8 {[%emt 0:04:45]} 24. Rh5 {[%emt 0:03:21]} Bb6 {[%emt 0:03:43]} 25. a4 {[%emt 0:06:37]} Re3 {[%emt 0:05:07]} 26. Ra1 {[%emt 0:15:21]} a5 {[%emt 0:04:12]} 27. Rf1 {[%emt 0:00:06]} Rc8 {[%emt 0:01:05]} 28. Kf2 {[%emt 0:14:23]} Rce8 {[%emt 0:00:22]} 29. Rg1 {[%emt 0:00:05]} Bc7 {[%emt 0:00:56]} 30. Rxc5 {[%emt 0:08:25]} Bxf4 {[%emt 0:00:04]} 31. g3 {[%emt 0:00:04]} Re2+ {[%emt 0:00:51]} 32. Bxe2 {[%emt 0:00:06]} Be3+ {[%emt 0:00:03]} 33. Kg2 {[%emt 0:01:19]} Bxg1 {[%emt 0:00:09]} 34. Bd3 {[%emt 0:00:04]} Be3 {[%emt 0:01:11]} 35. Rxa5 {[%emt 0:00:06]} Bd2 {[%emt 0:00:33]} 36. Rd5 {[%emt 0:01:35]} Bc3 {[%emt 0:00:05]} 37. a5 {[%emt 0:00:11]} Kf8 {[%emt 0:00:27]} 38. a6 {[%emt 0:02:07]} Ke7 {[%emt 0:00:04]} 39. Rb5 {[%emt 0:01:49]} Ra8 {[%emt 0:01:11]} 40. Rb7+ {[%emt 0:00:08]} Ke6 {[%emt 0:00:18]} 41. Bc4+ {[%emt 0:32:46]} 1-0